|
|
|
|
| LEADER |
01889nam a22003017a 4500 |
| 001 |
41906 |
| 003 |
BD-DhAAL |
| 005 |
20250826172024.0 |
| 008 |
231026t2020 |||a|||| |||| 001 0 eng d |
| 020 |
|
|
|a 9781999579579
|
| 040 |
|
|
|a BD-DhAAL
|c BD-DhAAL
|
| 082 |
|
|
|a 006.31
|2 23
|
| 100 |
|
|
|a Burkov, Andriy.
|9 49616
|
| 245 |
|
|
|a Machine learning engineering /
|c Andriy Burkov.
|
| 260 |
|
|
|a [Quebec, Canada] :
|b True Positive Inc.,
|c 2020.
|
| 300 |
|
|
|a xxvi, 282 pages :
|b illustrations (some color), charts, graphs, formulas, samples ;
|c 25 cm.
|
| 500 |
|
|
|a Includes index.
|
| 541 |
|
|
|a Book Finder International
|e 41906, 41907, 41908, 41909
|
| 650 |
|
|
|a Machine learning.
|
| 650 |
|
|
|a Computer engineering.
|
| 650 |
|
|
|a Computer science
|
| 942 |
|
|
|2 ddc
|c BK
|
| 999 |
|
|
|c 44767
|d 44767
|
| 952 |
|
|
|0 0
|1 0
|2 ddc
|4 0
|6 006_310000000000000_BUR
|7 0
|9 74631
|a BRACUL
|b BRACUL
|c GEN
|d 2023-10-17
|e Book Finder International
|g 6793.70
|l 6
|m 69
|o 006.31 BUR
|p 3010041910
|q 2026-04-27
|r 2025-06-25
|s 2025-06-25
|t 5
|v 6793.70
|w 2023-10-17
|y BK
|
| 952 |
|
|
|0 0
|1 0
|2 ddc
|4 0
|6 006_310000000000000_BUR
|7 0
|9 74632
|a BRACUL
|b BRACUL
|c GEN
|d 2023-10-17
|e Book Finder International
|g 6793.70
|l 10
|m 47
|o 006.31 BUR
|p 3010041907
|r 2026-01-21
|s 2026-01-14
|t 2
|v 6793.70
|w 2023-10-17
|y BK
|
| 952 |
|
|
|0 0
|1 0
|2 ddc
|4 0
|6 006_310000000000000_BUR
|7 0
|9 74633
|a BRACUL
|b BRACUL
|c GEN
|d 2023-10-17
|e Book Finder International
|g 6793.70
|l 1
|m 30
|o 006.31 BUR
|p 3010041909
|q 2025-09-15
|r 2024-01-31
|s 2024-01-31
|t 4
|v 6793.70
|w 2023-10-17
|y BK
|
| 952 |
|
|
|0 0
|1 0
|2 ddc
|4 0
|6 006_310000000000000_BUR
|7 0
|9 74634
|a BRACUL
|b BRACUL
|c GEN
|d 2023-10-17
|e Book Finder International
|g 6793.70
|l 5
|m 67
|o 006.31 BUR
|p 3010041906
|q 2026-06-02
|r 2026-04-12
|s 2026-04-12
|t 1
|v 6793.70
|w 2023-10-17
|y BK
|
| 952 |
|
|
|0 0
|1 0
|2 ddc
|4 0
|6 006_310000000000000_BUR
|7 0
|9 74635
|a BRACUL
|b BRACUL
|c GEN
|d 2023-10-17
|e Book Finder International
|g 6793.70
|l 7
|m 39
|o 006.31 BUR
|p 3010041908
|r 2026-05-04
|s 2026-02-22
|t 3
|v 6793.70
|w 2023-10-17
|y BK
|